[Event "Concordia op 6th"]
[Site "Concordia"]
[Date "2022.10.14"]
[Round "6"]
[White "Guerreiro, Heitor Koffermann"]
[Black "Franca, Adilson Mendes"]
[Result "1-0"]
[WhiteElo "1218"]
[BlackElo "1800"]
[PlyCount "33"]
[EventDate "2022.10.12"]
[EventType "swiss"]
[EventRounds "9"]
[EventCountry "BRA"]
[SourceTitle "CBM 210 Extra"]
[Source "ChessBase"]
[SourceDate "2022.11.30"]
[SourceVersion "1"]
[SourceVersionDate "2022.11.30"]
[SourceQuality "1"]

1. d4 e5 2. dxe5 Nc6 3. Nc3 Nxe5 4. e4 Nf6 5. Nf3 Bd6 6. Be2 0-0 7. 0-0 c6 8. Qxd6 Re8 9. Nxe5 Re6 10. Qd4 Qe7 11. f4 d6 12. Nf3 Nxe4 13. Bd3 c5 14. Qc4 Rf6 15. Qxe4 Qxe4 16. Nxe4 Rxf4 17. Bxf4 1-0